| 000 | 00991nam a22002057a 4500 | ||
|---|---|---|---|
| 999 |
_c57624 _d57624 |
||
| 003 | Ge_BSU | ||
| 005 | 20200819123708.0 | ||
| 008 | 200819s2015 ge ||||| |||| 00| 0 geo d | ||
| 020 | _a9789941940682 | ||
| 041 | _ageo | ||
| 080 | _a343.1 (479.22) ლ- 19 | ||
| 100 |
_aლალიაშვილი, თამარ _99255 |
||
| 245 |
_aსაქართველოს სისხლის სამართლის პროცესი : _b ზოგადი ნაწილი / _cთამარ ლალიაშვილი; რედაქტორი: იზა კელენჯერიძე. |
||
| 264 |
_a თბილისი : _bიურისტების სამყარო , _c2015. |
||
| 300 |
_a369 გვ. _b21 სმ. |
||
| 504 | _aბიბლიოგრ. გვ. 366-369 | ||
| 653 | _aსისხლის სამართალი | ||
| 700 |
_aელენჯერიძე,იზა _eრედაქტორი _99256 |
||
| 942 |
_2udc _cBK |
||